|
|
|
|
| LEADER |
00890nam a2200229 a 4500 |
| 001 |
13187634 |
| 008 |
100715s2004 nyua b 001 0 eng d |
| 010 |
|
|
|a 2003053083
|
| 020 |
|
|
|a 052183046X
|
| 040 |
|
|
|a DLC
|c DLC
|d DLC
|d DB-DhAAL
|
| 082 |
0 |
0 |
|a 006.3/7
|2 21
|
| 100 |
1 |
|
|a Snyder, Wesley E.
|
| 245 |
1 |
0 |
|a Machine vision /
|c Wesley E. Snyder, Hairong Qi.
|
| 260 |
|
|
|a Cambridge, UK ;
|a New York :
|b Cambridge University Press,
|c c2004.
|
| 300 |
|
|
|a xviii, 434 p. :
|b ill. ;
|c 26 cm. +
|e 1 CD-ROM (4 3/4 in.)
|
| 504 |
|
|
|a Includes bibliographical references and indexes.
|
| 541 |
1 |
|
|e 00020733
|
| 650 |
|
0 |
|a Computer vision.
|
| 700 |
1 |
|
|a Qi, Hairong,
|d 1970-
|
| 852 |
4 |
|
|a Ayesha Abed Library
|j General Shelf.
|
| 999 |
|
|
|c 9251
|d 9251
|
| 952 |
|
|
|0 0
|1 0
|2 ddc
|4 0
|6 006_370000000000000_SYN_2004
|7 0
|9 11760
|a BRACUL
|b BRACUL
|c GEN
|d 2010-08-25
|l 8
|m 37
|o 006.37 SYN
|p 3010020733
|r 2025-07-27
|s 2025-07-27
|t 1
|w 2010-08-25
|y BK
|